000 00636nam a2200265Ia 4500
005 20260121172153.0
008 008 260114s9999 xx 000 0 eng d
020 _a9783030587369
037 _aEBOOK
040 _aCRL
040 _beng
040 _cCRL
041 _2eng
041 _aeng
084 _qCRL
100 _aSambit Bhattacharyya
_91085133
245 2 _aA History of Global Capitalism
260 _bSpringer
260 _bSpringer
260 _c2020
856 _uhttps://link.springer.com/openurl?genre=book&isbn=978-3-030-58736-9
942 _cEBOOK
999 _c1650870
_d1650870